Journal of Ship Production and Design (Record no. 22)

000 -LEADER
fixed length control field 00306nas a2200133 4500
999 ## - SYSTEM CONTROL NUMBERS (KOHA)
Koha biblionumber 22
Koha biblioitemnumber 22
003 - CONTROL NUMBER IDENTIFIER
control field OSt
005 - DATE AND TIME OF LATEST TRANSACTION
control field 20190828100050.0
008 - FIXED-LENGTH DATA ELEMENTS--GENERAL INFORMATION
fixed length control field 190828b ||||| |||| 00| 0 eng d
022 ## - INTERNATIONAL STANDARD SERIAL NUMBER
International Standard Serial Number 21582866
245 ## - TITLE STATEMENT
Title Journal of Ship Production and Design
260 ## - PUBLICATION, DISTRIBUTION, ETC. (IMPRINT)
Place of publication, distribution, etc Alexdria
Name of publisher, distributor, etc SNAME
310 ## - CURRENT PUBLICATION FREQUENCY
Current publication frequency Quartely
942 ## - ADDED ENTRY ELEMENTS (KOHA)
Source of classification or shelving scheme
Serial record 1

No items available.

Designed and Maintained by IMU-KC Library, Kolkata Campus © Copyright All Rights Reserved

webs counters

Powered by Koha